Exploring content. (Record no. 5744)

000 -LEADER
fixed length control field 01067cam a2200325 a 4500
001 - CONTROL NUMBER
control field 6224107
003 - CONTROL NUMBER IDENTIFIER
control field CaAEU
005 - DATE AND TIME OF LATEST TRANSACTION
control field 20220617084830.0
008 - FIXED-LENGTH DATA ELEMENTS--GENERAL INFORMATION
fixed length control field 030709s2004 nyuabc 001 0 eng
010 ## - LIBRARY OF CONGRESS CONTROL NUMBER
LC control number 2003058818
020 ## - INTERNATIONAL STANDARD BOOK NUMBER
International Standard Book Number 0131402005 (v. 2)
035 ## - SYSTEM CONTROL NUMBER
System control number ocn369906278
040 ## - CATALOGING SOURCE
Original cataloging agency DLC
Language of cataloging eng
Transcribing agency ALUPE UNIVERSITY
Modifying agency DLC
-- CaAEVC
050 00 - LIBRARY OF CONGRESS CALL NUMBER
Classification number PE1122
Item number .S65 2005
082 00 - DEWEY DECIMAL CLASSIFICATION NUMBER
Classification number 468.6/4
Edition number 22
090 ## - LOCALLY ASSIGNED LC-TYPE CALL NUMBER (OCLC); LOCAL CALL NUMBER (RLIN)
Classification number (OCLC) (R) ; Classification number, CALL (RLIN) (NR) 428.6 SMI
Local cutter number (OCLC) ; Book number/undivided call number, CALL (RLIN) AEVC
100 1# - MAIN ENTRY--PERSONAL NAME
Personal name Smith, Lorraine C.
245 10 - TITLE STATEMENT
Title Exploring content.
Name of part/section of a work 2 :
Remainder of title reading for academic success /
Statement of responsibility, etc. Lorraine C. Smith.
260 ## - PUBLICATION, DISTRIBUTION, ETC.
Place of publication, distribution, etc. White Plains, NY :
Name of publisher, distributor, etc. Longman,
Date of publication, distribution, etc. c2005.
300 ## - PHYSICAL DESCRIPTION
Extent xviii, 286 p. :
Other physical details ill., maps, ports. ;
Dimensions 26 cm.
336 ## - CONTENT TYPE
Content type term text
Content type code txt
Source rdacontent
337 ## - MEDIA TYPE
Media type term unmediated
Media type code n
Source rdamedia
338 ## - CARRIER TYPE
Carrier type term volume
Carrier type code nc
Source rdacarrier
500 ## - GENERAL NOTE
General note Includes index.
650 #0 - SUBJECT ADDED ENTRY--TOPICAL TERM
Topical term or geographic name entry element College readers.
650 #0 - SUBJECT ADDED ENTRY--TOPICAL TERM
Topical term or geographic name entry element English language
Form subdivision Textbooks for foreign speakers.
650 #0 - SUBJECT ADDED ENTRY--TOPICAL TERM
Topical term or geographic name entry element Reading (Higher education)
Form subdivision Problems, exercises, etc.
942 ## - ADDED ENTRY ELEMENTS (KOHA)
Source of classification or shelving scheme
Koha item type Book
Suppress in OPAC AB
949 ## - LOCAL PROCESSING INFORMATION (OCLC)
a 428.6 SMI
h NORQM-B
i 33862000810576
j 1
n 8
p 32.95
Holdings
Withdrawn status Lost status Source of classification or shelving scheme Damaged status Not for loan Permanent Location Current Location Shelving location Date acquired Source of acquisition Total Checkouts Full call number Barcode Date last seen Price effective from Koha item type Public note
          AU LIBRARY AU LIBRARY Open Shelf 17.06.2022 DONATION FROM MOI UNIVERSITY   PE1122 .S65 2005 28007940 17.06.2022 17.06.2022 Book AB

Powered by Koha